|
|
|
|
| LEADER |
00000naa2a2200000 4500 |
| 001 |
171911 |
| 005 |
20231031164147.0 |
| 035 |
|
|
|a (RuTPU)RU\TPU\book\186384
|
| 090 |
|
|
|a 171911
|
| 100 |
|
|
|a 20091209d2009 k y0rusy50 ca
|
| 101 |
0 |
|
|a rus
|
| 102 |
|
|
|a RU
|
| 200 |
1 |
|
|a Расчёт равновесных концентраций газовой смеси реакции взаимодействия KBr и F2
|f В. И. Зюбанова, К. В. Бобровская, Е. В. Гребенюк
|g науч. рук. В. В. Шагалов
|
| 320 |
|
|
|a Библиогр.: 2 назв.
|
| 463 |
|
0 |
|0 (RuTPU)RU\TPU\book\176321
|t Химия и химическая технология в XXI веке
|o X Юбилейная всероссийская научно-практическая конференция студентов и аспирантов, г. Томск, 13-15 мая 2009 г.
|f Томский политехнический университет (ТПУ) ; Химия и химическая технология в XXI веке
|v С. 23
|d 2009
|p 322 с.
|
| 610 |
1 |
|
|a неорганические вещества
|
| 610 |
1 |
|
|a реакции
|
| 610 |
1 |
|
|a газовые смеси
|
| 610 |
1 |
|
|a бромид калия
|
| 610 |
1 |
|
|a фторирование
|
| 610 |
1 |
|
|a расчёты
|
| 610 |
1 |
|
|a концентрация
|
| 610 |
1 |
|
|a труды учёных ТПУ
|
| 700 |
|
1 |
|a Зюбанова
|b В. И.
|
| 701 |
|
1 |
|a Бобровская
|b К. В.
|
| 701 |
|
1 |
|a Гребенюк
|b Е. В.
|
| 702 |
|
1 |
|a Шагалов
|b В. В.
|4 727
|
| 801 |
|
1 |
|a RU
|b 63413507
|c 20091209
|
| 942 |
|
|
|c BK
|